00832nam a2200241Ia 4500003000400000005001700004008004100021020001800062040001800080041000800098082002100106100003100127245004300158250001200201260005000213300002700263650003200290650002400322650003000346942003100376999001900407952016400426OSt20240628143532.0210716s2017 xx 000 0 und d a9789352770144 cAIMIT LIBRARY aeng a374.22 21bRAJR aRajan, Raghuram G.9171940 aI do what i do /cBy Raghuram G Rajan. a1st ed. aNew Delhi ;bThomson Press India Ltd ,c2017. axvi,325p. ;bPBc24 cm aFinancial inclusion9171941 aRBI matters9171942 aOccasional pieces9171943 2ddccBKe1st k374.22 RAJR c210438d210438 00102ddc40708MBAaAIMITbAIMITd2018-03-01g699.00iBill no:4299; Bill dt:2018-02-22l0o374.22 RAJRpMBA13006r2026-05-23 00:00:00v524.25w2021-07-16yBK